000 00406nam a2200181Ia 4500
001 18081
005 20260306171604.0
008 260306s9999||||xx |||||||||||||| ||und||
041 _aESP
082 _a658.401
_bB55
100 _aBilancio, Guillermo
_eAUT
245 0 _aEstrategia
260 _c2006
300 _a204 páginas :
_ccm.
650 _aGEN
654 _aCAN
942 _cLIB
_dJUS
_fJUS
_2ddc
_n
999 _c18081
_d18081